|
|
|
|
| LEADER |
00000cam a2200000 a 4500 |
| 001 |
vtls010307286 |
| 003 |
SK-MaSNL |
| 005 |
20260301032019.0 |
| 008 |
240318s2011 xo a c p 00000 slo |
| 015 |
|
|
|a SNBA2011/10-05449
|
| 020 |
|
|
|a 9788080426255
|q (brož.)
|
| 035 |
|
|
|a 080481B9-602F-41DC-8661-E4C46AE9DFB9
|
| 035 |
|
|
|a urn:nbn:sk:snk-amjik8
|
| 035 |
|
|
|a urn:nbn:sk:snk-am001yzm
|
| 040 |
|
|
|a SNK
|b slo
|c SNK
|e AACR2
|
| 041 |
0 |
|
|a slo
|
| 044 |
|
|
|a xo
|c SK
|
| 072 |
|
7 |
|a 82
|x Literatúra. Literárny život
|2 konspekt
|
| 072 |
|
7 |
|a 37.016
|x Učebné osnovy. Vyučovacie predmety. Učebnice
|2 konspekt
|
| 080 |
|
|
|a (075.2)
|2 2001
|
| 080 |
|
|
|a 82:37.016
|2 2001
|
| 080 |
|
|
|a (075.3)
|2 2001
|
| 100 |
1 |
|
|a Petríková, Daniela
|4 aut
|9 21731
|
| 245 |
1 |
0 |
|a Literárna výchova
|b pre 8. ročník základných škôl a 3. ročník gymnázií s osemročným štúdiom
|c [autor: Daniela Petríková ; ilustrácie Eva Cihovičová]
|
| 250 |
|
|
|a 1. vyd.
|
| 260 |
|
|
|a Harmanec
|b Vojenský kartografický ústav
|c 2011
|
| 300 |
|
|
|a 112 s.
|b fareb. ilustr.
|c 24 cm
|
| 366 |
|
|
|e 62000 výt.
|
| 650 |
0 |
7 |
|a literárna výchova
|2 SNKPH
|9 1653
|
| 650 |
0 |
7 |
|a Literary education
|2 SNKPHeng
|9 274096
|
| 655 |
|
7 |
|a učebnice základných škôl
|2 SNKPH
|9 70187
|
| 655 |
|
7 |
|a učebnice stredných škôl
|2 SNKPH
|9 69323
|
| 655 |
|
7 |
|a Textbooks (elementary)
|2 SNKPHeng
|9 276977
|
| 655 |
|
7 |
|a Textbooks (secondary)
|2 SNKPHeng
|9 276359
|
| 700 |
1 |
|
|a Cihovičová, Eva
|4 ill
|9 328542
|
| 852 |
|
|
|a Štátna vedecká knižnica v Banskej Bystrici
|
| 919 |
|
|
|a 978-80-8042-625-5
|
| 968 |
|
|
|d 37
|
| 999 |
|
|
|c 577672
|d 579602
|
| 952 |
|
|
|a SNK
|b SNK
|y PREZ
|7 0
|p 17A1575733
|o snkSC 211004
|i snk2025/10794
|8 0
|z Dotlač k vydaniu z r. 2011, rok dotlače: 2024
|0 0
|1 0
|4 0
|d 2025-07-08
|l 0
|r 2026-02-23 14:38:54
|w 2026-02-23
|
| 952 |
|
|
|a SNK
|b SNK
|y PREZ
|7 0
|p 17A0717444
|o snkSC 146673
|i snk2011/18728
|8 0
|0 0
|1 0
|4 0
|d 2011-09-08
|l 0
|r 2025-07-15 00:00:00
|w 2026-02-23
|
| 952 |
|
|
|a SNK
|b SNK
|y VYP
|7 0
|p 17A0717443
|o snkSC 146673 D1
|i snk2011/18729
|8 0
|0 0
|1 0
|4 0
|d 2011-09-08
|l 0
|r 2026-02-23 14:38:54
|w 2026-02-23
|